[Event "Guernsey Holiday 2012"]
[Site "?"]
[Date "2012.10.21"]
[Round "1"]
[White "Perrin, Jonathan"]
[Black "Nalichowski, Bogdan"]
[Result "1-0"]
[WhiteElo "1736"]
[BlackElo "1611"]
[PlyCount "109"]
[EventDate "2012.10.21"]

1. e4 e5 2. f4 exf4 3. Bc4 Qh4+ 4. Kf1 d5 5. Bxd5 Nf6 6. Nf3 Qh5 7. Nc3 Bd6 8.
d4 Nxd5 9. Nxd5 c6 10. Nxf4 Bxf4 11. Bxf4 f6 12. Qd3 b6 13. Re1 O-O 14. c4 a5
15. d5 b5 16. b3 a4 17. Kg1 axb3 18. axb3 bxc4 19. bxc4 Bb7 20. h3 Nd7 21. Rb1
Ra7 22. Be3 c5 23. Bf4 Rfa8 24. Kh2 g5 25. Bg3 Bc8 26. Rhf1 g4 27. Nd2 Kg7 28.
Bf4 Ne5 29. Bxe5 Qxe5+ 30. Qg3 Qd4 31. Rf2 h5 32. Rbf1 Rf7 33. e5 h4 34. Qxh4
Qxe5+ 35. Qg3 Qd4 36. h4 Bd7 37. Qf4 Raf8 38. Qxd4 cxd4 39. Rf4 d3 40. Rd4 f5
41. g3 Kg6 42. Rxd3 f4 43. Rxf4 Rxf4 44. gxf4 Rxf4 45. Kg3 Rf5 46. Rd4 Rf8 47.
c5 Rd8 48. Nc4 Kf6 49. Rf4+ Ke7 50. c6 Bc8 51. Re4+ Kf6 52. d6 Be6 53. c7 Ra8
54. Rxe6+ Kxe6 55. Nb6 1-0

[Event "Guernsey Holiday 2012"]
[Site "?"]
[Date "2012.10.21"]
[Round "1"]
[White "Joyeux, Gerard"]
[Black "Hoogakker, Peter"]
[Result "1/2-1/2"]
[WhiteElo "1601"]
[BlackElo "1730"]
[PlyCount "52"]
[EventDate "2012.10.21"]

1. d4 d6 2. e4 Nf6 3. Nc3 Nbd7 4. Bc4 e5 5. Nf3 Be7 6. O-O c6 7. dxe5 dxe5 8.
Qe2 h6 9. Rd1 Qc7 10. Nh4 g6 11. Nf3 Nf8 12. a3 g5 13. b4 Ng6 14. Bd3 Nf4 15.
Bxf4 gxf4 16. Kh1 Bg4 17. Rg1 h5 18. Qf1 h4 19. h3 Nh5 20. Qe1 Be6 21. Bf1
O-O-O 22. Na4 Nf6 23. Ng5 Qd7 24. Nxe6 Qxe6 25. f3 Rd7 26. Qc3 Bd6 1/2-1/2

[Event "Guernsey Holiday 2012"]
[Site "?"]
[Date "2012.10.21"]
[Round "1"]
[White "Van Hoek, Wim"]
[Black "Gunn, Mike"]
[Result "1-0"]
[WhiteElo "1721"]
[BlackElo "1584"]
[PlyCount "89"]
[EventDate "2012.10.21"]

1. e4 e6 2. d4 d5 3. e5 c5 4. c3 Nc6 5. Nf3 Bd7 6. Be2 Nge7 7. O-O Nf5 8. dxc5
Bxc5 9. b4 Bb6 10. Bd3 Nfe7 11. Re1 Ng6 12. b5 Na5 13. a4 Qc7 14. Be3 Rc8 15.
Bd4 Nf4 16. Bf1 Nc4 17. g3 Ng6 18. Nbd2 O-O 19. Nxc4 dxc4 20. Nd2 Bxd4 21. cxd4
c3 22. Nc4 a6 23. Nd6 Ra8 24. Qc2 Ne7 25. Bg2 axb5 26. axb5 Nd5 27. Bxd5 exd5
28. Rec1 Bh3 29. f3 Be6 30. Rxa8 Rxa8 31. Qxc3 Qb6 32. Kf2 g6 33. Ke3 Ra4 34.
Ra1 Rc4 35. Nxc4 dxc4 36. Ra8+ Kg7 37. Qb4 g5 38. Qc5 Qxc5 39. dxc5 c3 40. Kd3
c2 41. Kxc2 Bd5 42. Rc8 Bxf3 43. c6 bxc6 44. bxc6 Bg4 45. Rb8 1-0

[Event "Guernsey Holiday 2012"]
[Site "?"]
[Date "2012.10.21"]
[Round "1"]
[White "Dokter, Marike"]
[Black "Pemberton, Clive"]
[Result "0-1"]
[WhiteElo "1568"]
[BlackElo "1704"]
[PlyCount "60"]
[EventDate "2012.10.21"]

1. e4 c5 2. Nc3 Nc6 3. f4 b6 4. Nf3 Bb7 5. Bc4 e6 6. d3 Na5 7. Bb3 Nxb3 8. axb3
Be7 9. O-O Nf6 10. Qe1 O-O 11. f5 exf5 12. exf5 d5 13. d4 cxd4 14. Nxd4 Bc5 15.
Nce2 Re8 16. c3 Qe7 17. Qg3 Qxe2 18. Bg5 Qg4 19. Qxg4 Nxg4 20. Kh1 Bxd4 21.
cxd4 f6 22. Bf4 Re2 23. Rab1 Nf2+ 24. Kg1 Nd3 25. Rf3 Nxf4 26. Rxf4 Rc8 27. Rf2
Re4 28. Rd1 Re3 29. Rf3 Rxf3 30. gxf3 Rc2 0-1

[Event "Guernsey Holiday 2012"]
[Site "?"]
[Date "2012.10.21"]
[Round "1"]
[White "Savident, David"]
[Black "Kok, Franciscus"]
[Result "0-1"]
[WhiteElo "1701"]
[BlackElo "1565"]
[PlyCount "124"]
[EventDate "2012.10.21"]

1. e4 c5 2. Nf3 Nc6 3. d4 cxd4 4. Nxd4 e6 5. Nb5 a6 6. Nd6+ Bxd6 7. Qxd6 Qe7 8.
Bf4 e5 9. Qxe7+ Ngxe7 10. Be3 O-O 11. Bc4 Na5 12. Nd2 b5 13. Bd3 Bb7 14. Bb6
Nac6 15. Bc5 Rfd8 16. Bd6 Rac8 17. c4 bxc4 18. Nxc4 Ng6 19. Nb6 Nf4 20. Kd2
Nxg2 21. Nxc8 Rxc8 22. Rac1 Nf4 23. Rc3 Re8 24. Bc5 d5 25. f3 d4 26. Rb3 Bc8
27. Rb6 Nxd3 28. Kxd3 Re6 29. Rc1 Rf6 30. Ba3 Bd7 31. Rb7 Rxf3+ 32. Ke2 Re3+
33. Kd2 Bg4 34. Rxc6 Re2+ 35. Kd3 Re3+ 36. Kc4 h5 37. Kd5 Bf3 38. Rb8+ Kh7 39.
Rc1 Bxe4+ 40. Kxe5 d3 41. Bb4 f5 42. Re1 Rh3 43. Rxe4 fxe4 44. Kxe4 Rxh2 45.
Kxd3 Rxb2 46. a3 h4 47. Re8 h3 48. Re1 g5 49. Ke4 Kg6 50. Kf3 Rg2 51. Rh1 g4+
52. Kf4 Kh5 53. Bc5 Rc2 54. Bd6 Rf2+ 55. Ke3 Rg2 56. Rh2 Rg1 57. Kf2 Rd1 58.
Bc7 Rd3 59. a4 Kh4 60. Ke2 Rc3 61. Bd8+ Kg3 62. Rh1 Kg2 0-1

[Event "Guernsey Holiday 2012"]
[Site "?"]
[Date "2012.10.21"]
[Round "1"]
[White "Harnden, Terry"]
[Black "Kershaw, Graham J"]
[Result "1-0"]
[WhiteElo "1535"]
[BlackElo "1696"]
[PlyCount "59"]
[EventDate "2012.10.21"]

1. e4 e6 2. d4 d5 3. exd5 exd5 4. Nf3 Nf6 5. Bb5+ c6 6. Ba4 Bg4 7. O-O Be7 8.
c3 O-O 9. Bg5 Nbd7 10. Nbd2 Ne4 11. Bxe7 Qxe7 12. Re1 f5 13. Qc1 Qd6 14. Bd1
Rae8 15. Rf1 Re7 16. Nh4 Ndf6 17. f3 Bxf3 18. Nxf5 Qc7 19. Nxe7+ Qxe7 20. Bxf3
Ng5 21. Qe1 Qd7 22. Qg3 h6 23. Rae1 Kh8 24. h3 c5 25. dxc5 Qb5 26. b4 Qd3 27.
Qf4 Qxc3 28. Bxd5 Rd8 29. Qe5 Rxd5 30. Qxc3 1-0

[Event "Guernsey Holiday 2012"]
[Site "?"]
[Date "2012.10.21"]
[Round "1"]
[White "Borland, Tom"]
[Black "Wood, Stuart"]
[Result "1-0"]
[WhiteElo "1695"]
[BlackElo "1456"]
[PlyCount "73"]
[EventDate "2012.10.21"]

1. d4 d6 2. e4 Nf6 3. Nc3 Bg4 4. Be2 Qd7 5. Bxg4 Nxg4 6. h3 Nf6 7. Nf3 Qc6 8.
Qd3 h6 9. O-O a6 10. Re1 Nbd7 11. d5 Qb6 12. Be3 c5 13. Rab1 Qd8 14. Bf4 g5 15.
Bh2 g4 16. hxg4 Nxg4 17. e5 Nxh2 18. Kxh2 dxe5 19. Nxe5 Nxe5 20. Rxe5 Bg7 21.
Rf5 Qd6+ 22. g3 Bxc3 23. bxc3 b5 24. Qf3 Rf8 25. Re1 O-O-O 26. Rxf7 Rxf7 27.
Qxf7 Rd7 28. Qe8+ Kc7 29. Qa8 Kb6 30. Re6 Qxe6 31. dxe6 Rd2 32. Kg2 Rxc2 33.
Qd8+ Kc6 34. Qd7+ Kb6 35. Qxe7 Rxa2 36. Qd8+ Kc6 37. e7 1-0

[Event "Guernsey Holiday 2012"]
[Site "?"]
[Date "2012.10.21"]
[Round "1"]
[White "Jones, Sid A"]
[Black "Beadle, John"]
[Result "1/2-1/2"]
[WhiteElo "1448"]
[BlackElo "1688"]
[PlyCount "56"]
[EventDate "2012.10.21"]

1. d4 Nf6 2. c4 e6 3. Nc3 d5 4. Nf3 Be7 5. e3 O-O 6. Bd3 dxc4 7. Bxc4 a6 8. O-O
Nbd7 9. Qc2 b5 10. Bd3 Bb7 11. Ne4 Bxe4 12. Bxe4 Nxe4 13. Qxe4 Nf6 14. Qc2 Rc8
15. Rd1 Nd5 16. Bd2 c5 17. Qd3 c4 18. Qc2 Bb4 19. Bxb4 Nxb4 20. Qd2 Qe7 21. a3
Nd3 22. Ne1 Nxe1 23. Qxe1 Rfd8 24. Qc3 {(=)} Rd5 25. Rd2 Qb7 26. Rad1 Rg5 27.
f4 Rg6 28. d5 Rd8 1/2-1/2

[Event "Guernsey Holiday 2012"]
[Site "?"]
[Date "2012.10.21"]
[Round "1"]
[White "Foster, Paul"]
[Black "Newrick, William R"]
[Result "1-0"]
[WhiteElo "1688"]
[BlackElo "1440"]
[PlyCount "45"]
[EventDate "2012.10.21"]

1. e4 d5 2. exd5 Qxd5 3. Nc3 Qa5 4. d4 Nf6 5. Bc4 Bg4 6. f3 Bh5 7. Nge2 e6 8.
Bd2 c6 9. O-O Bb4 10. a3 Bxc3 11. Bxc3 Qd8 12. Ng3 Bg6 13. f4 Nd5 14. Qe2 Nxc3
15. bxc3 O-O 16. f5 Bxf5 17. Nxf5 exf5 18. Rxf5 Nd7 19. Qf3 Nf6 20. Rf1 Qd6 21.
Qh3 Rae8 22. Rxf6 gxf6 23. Bd3 1-0

[Event "Guernsey Holiday 2012"]
[Site "?"]
[Date "2012.10.21"]
[Round "1"]
[White "Bennett, David"]
[Black "Baart, Edwin"]
[Result "0-1"]
[WhiteElo "1400"]
[BlackElo "1684"]
[PlyCount "122"]
[EventDate "2012.10.21"]

1. Nf3 g6 2. d4 Nf6 3. Bf4 d6 4. Nbd2 Bg7 5. c3 O-O 6. e4 Bg4 7. Be2 Nbd7 8.
O-O c5 9. e5 dxe5 10. dxe5 Nd5 11. Bg3 e6 12. Qb3 Qb6 13. Bb5 Bxf3 14. Nxf3 Nb8
15. a4 Nc6 16. Qc2 a6 17. Bxc6 Qxc6 18. Rad1 Rad8 19. b3 Ne7 20. Bh4 Qc7 21.
Bxe7 Qxe7 22. c4 Qc7 23. Qe4 Qb6 24. Rd3 Rxd3 25. Qxd3 Rd8 26. Qc2 Qc7 27. Re1
Qd7 28. h3 Bh6 29. g4 Qd3 30. Qe2 Qxb3 31. g5 Bf8 32. a5 Qd3 33. Qe3 Qxc4 34.
Rb1 Rd3 35. Qe2 Qd5 36. Kg2 c4 37. Re1 c3 38. Qe4 c2 39. Qxd5 Rxd5 40. Rc1 Rxa5
41. Rxc2 b5 42. Nd4 b4 43. Nc6 Rb5 44. Nd4 Rxe5 45. h4 Rd5 46. Nb3 a5 47. Ra2
Rd3 48. Nxa5 Ra3 49. Rxa3 bxa3 50. Nb3 a2 51. f4 Bg7 52. Kg3 a1=Q 53. Nxa1 Bxa1
54. Kg4 Kf8 55. h5 Ke7 56. h6 Kd6 57. Kf3 Kd5 58. Kg4 Ke4 59. Kg3 Bb2 60. Kg4
Bc1 61. f5 exf5+ 0-1

[Event "Guernsey Holiday 2012"]
[Site "?"]
[Date "2012.10.21"]
[Round "1"]
[White "Van Nijen, Peter"]
[Black "Le Maitre, Richard"]
[Result "1-0"]
[WhiteElo "1678"]
[BlackElo "1378"]
[PlyCount "125"]
[EventDate "2012.10.21"]

1. e4 c5 2. d4 cxd4 3. c3 dxc3 4. Nxc3 Nc6 5. Nf3 e5 6. Bc4 h6 7. Qd5 Qe7 8.
O-O Nf6 9. Qd3 Nb4 10. Qe2 d6 11. Rd1 Be6 12. Nb5 Rd8 13. Bxe6 fxe6 14. Nxa7
Nc6 15. Nxc6 bxc6 16. Qa6 Qc7 17. Qa4 Be7 18. Bd2 Rc8 19. Rac1 O-O 20. Rc3 c5
21. Be3 Ra8 22. Qb3 Qc8 23. Qc4 Rd8 24. a3 d5 25. exd5 exd5 26. Qa2 Qc7 27. h3
Kh8 28. Rcc1 d4 29. Bd2 Ne4 30. b4 Nxd2 31. Rxd2 Qb8 32. bxc5 Rc8 33. Qe6 Bxc5
34. Nxe5 Bxa3 35. Rxc8+ Qxc8 36. Nf7+ Kh7 37. Qe2 Qc1+ 38. Rd1 Qf4 39. Ne5 Rf8
40. Qc2+ Qf5 41. Qxf5+ Rxf5 42. Nf3 Rd5 43. Kf1 d3 44. Ne1 d2 45. Nc2 Bc1 46.
Ke2 Re5+ 47. Ne3 g5 48. Kf3 Ra5 49. g4 Ra8 50. Nd5 Rf8+ 51. Ke2 Re8+ 52. Ne3
Kg6 53. Kd3 Rd8+ 54. Ke4 Re8+ 55. Kf3 Rd8 56. Nc4 Rf8+ 57. Kg3 Rd8 58. f4 Rd3+
59. Kg2 gxf4 60. Ne5+ Kg5 61. Nxd3 h5 62. gxh5 Kxh5 63. Nxf4+ 1-0

[Event "Guernsey Holiday 2012"]
[Site "?"]
[Date "2012.10.21"]
[Round "1"]
[White "Herschmann, Heinz"]
[Black "Bateman, Kerry"]
[Result "1/2-1/2"]
[WhiteElo "1360"]
[BlackElo "1676"]
[PlyCount "67"]
[EventDate "2012.10.21"]

1. e4 c5 2. Nf3 d6 3. d3 g6 4. Be2 Bg7 5. c3 Bd7 6. h3 Nf6 7. Bf4 O-O 8. O-O b5
9. Qc2 Nh5 10. Bh2 Nc6 11. Nbd2 Qb6 12. Ne1 Nf6 13. Rb1 Ne8 14. a3 f5 15. exf5
Bxf5 16. g4 Be6 17. Bf3 Rc8 18. Bg2 Nf6 19. Ne4 d5 20. Ng5 Bd7 21. Ngf3 e5 22.
Nxe5 Nxe5 23. Bxe5 Qe6 24. Bxf6 Bxf6 25. Nf3 Bc6 26. Rfe1 Qd6 27. Re2 Rc7 28.
Rbe1 Re7 29. Rxe7 Bxe7 30. Qe2 Re8 31. Qe6+ Kg7 32. Qxd6 Bxd6 33. Rxe8 Bxe8 34.
Kf1 1/2-1/2

[Event "Guernsey Holiday 2012"]
[Site "?"]
[Date "2012.10.21"]
[Round "1"]
[White "Jongerius, Marc"]
[Black "Kaye, Mike"]
[Result "1/2-1/2"]
[WhiteElo "1674"]
[BlackElo "1360"]
[PlyCount "73"]
[EventDate "2012.10.21"]

1. e4 c5 2. Nf3 d6 3. c3 e5 4. Be2 Nf6 5. O-O Nc6 6. d4 Nxe4 7. d5 Ne7 8. Qa4+
Bd7 9. Qxe4 a6 10. c4 g6 11. Nxe5 Bf5 12. Ng4 Bg7 13. Qf3 O-O 14. Nc3 Qc7 15.
Bh6 Bxg4 16. Qxg4 Bxh6 17. Bd3 Bg7 18. Rac1 Kh8 19. Rfe1 Rae8 20. Re2 Ng8 21.
Rce1 Rxe2 22. Rxe2 f5 23. Qh3 Be5 24. g3 Nf6 25. f4 Bd4+ 26. Kf1 Re8 27. Qg2
Qd7 28. Rxe8+ Qxe8 29. Qe2 Qxe2+ 30. Bxe2 Bxc3 31. bxc3 Ne4 32. Bd1 Nxc3 33.
Bb3 Kg7 34. Ke1 Kf6 35. Kd2 Ne4+ 36. Ke3 Nc3 37. Kd2 1/2-1/2

[Event "Guernsey Holiday 2012"]
[Site "?"]
[Date "2012.10.21"]
[Round "1"]
[White "Kerr, Matthew"]
[Black "Ruigrok, Jacques"]
[Result "0-1"]
[WhiteElo "1300"]
[BlackElo "1666"]
[PlyCount "66"]
[EventDate "2012.10.21"]

1. e4 e5 2. Qh5 Nc6 3. c3 Nf6 4. Qh4 Be7 5. d3 d5 6. Bg5 O-O 7. Nd2 h6 8. Bxf6
Bxf6 9. Qh5 Kh7 10. Qd1 g6 11. Ngf3 Bg7 12. Be2 Be6 13. Qc2 d4 14. a3 f5 15. h4
Rc8 16. h5 g5 17. O-O-O dxc3 18. bxc3 Na5 19. c4 c5 20. exf5 Bxf5 21. g4 Bxg4
22. Nxg5+ Qxg5 23. Bxg4 Qxg4 24. Rdg1 Qf5 25. Ne4 Nc6 26. Nd6 Qf4+ 27. Kb2 Qd4+
28. Kb1 Qxd6 29. Rg6 Qd4 30. Rhg1 Rc7 31. R1g4 Qxf2 32. Kb2 Qxc2+ 33. Kxc2 Rf5
0-1

[Event "Guernsey Holiday 2012"]
[Site "?"]
[Date "2012.10.21"]
[Round "1"]
[White "Vonhoff, Joerg"]
[Black "Gibzinski, Stanislaw"]
[Result "1/2-1/2"]
[WhiteElo "1658"]
[BlackElo "1237"]
[PlyCount "120"]
[EventDate "2012.10.21"]

1. e4 e6 2. d4 d5 3. Nd2 Nf6 4. e5 Nfd7 5. Bd3 c5 6. c3 Nc6 7. Ne2 cxd4 8. cxd4
f6 9. exf6 Nxf6 10. a3 a6 11. O-O Bd6 12. Nf3 O-O 13. Bc2 Bd7 14. Qd3 Be8 15.
Nh4 Ne4 16. Nf3 Bg6 17. Qb3 b5 18. Bxe4 Bxe4 19. Ng5 Bf5 20. Qe3 Qf6 21. Qc3
Rac8 22. f4 Ne7 23. Qe1 Nc6 24. Nf3 Qg6 25. Nh4 Qf6 26. Nxf5 Qxf5 27. Be3 Qg6
28. Qd2 Ne7 29. Rac1 Nf5 30. Bf2 Be7 31. Kh1 h5 32. Rxc8 Rxc8 33. Rc1 Rxc1+ 34.
Qxc1 Qg4 35. Ng1 Bd6 36. g3 h4 37. Qe1 Kf7 38. Qe2 Nh6 39. h3 Qxe2 40. Nxe2
hxg3 41. Bxg3 Nf5 42. Kg2 Kf6 43. Bf2 g5 44. fxg5+ Kxg5 45. Nc1 Kf4 46. Nd3+
Ke4 47. Nc5+ Kf4 48. Nxe6+ Ke4 49. Nc5+ Kf4 50. Nxa6 Ne3+ 51. Bxe3+ Kxe3 52. h4
Kxd4 53. Kf3 Kd3 54. Nb4+ Kc4 55. h5 Be5 56. h6 Bxb2 57. h7 Bh8 58. Ke2 Kb3 59.
Nxd5 Kxa3 60. Kd3 b4 1/2-1/2

[Event "Guernsey Holiday 2012"]
[Site "?"]
[Date "2012.10.21"]
[Round "1"]
[White "Davidson, Laura"]
[Black "Haisma, Henk"]
[Result "0-1"]
[WhiteElo "912"]
[BlackElo "1632"]
[PlyCount "70"]
[EventDate "2012.10.21"]

1. e4 c5 2. Nc3 Nc6 3. f4 d6 4. Nf3 e6 5. Bc4 a6 6. a4 Bd7 7. O-O Qc7 8. d3 Nf6
9. Qe1 Nb4 10. Bb3 Bc6 11. e5 Nd7 12. f5 Bxf3 13. Rxf3 Nxe5 14. Rf1 d5 15. Na2
Nxa2 16. Bxa2 Bd6 17. Bf4 O-O-O 18. Bxe5 Bxe5 19. g3 exf5 20. Rxf5 Rde8 21. Qd1
Bxg3 22. hxg3 Qxg3+ 23. Kf1 Qh3+ 24. Kg1 Qxf5 25. d4 Re4 26. Qd2 Rg4+ 27. Kh1
Qh5+ 28. Qh2 Rh4 29. Qxh4 Qxh4+ 30. Kg1 Qxd4+ 31. Kf1 Re8 32. c3 Qf4+ 33. Kg1
Re6 34. Kh1 Qg4 35. Rg1 Rh6# 0-1

[Event "Guernsey Holiday 2012"]
[Site "?"]
[Date "2012.10.22"]
[Round "2"]
[White "Ruigrok, Jacques"]
[Black "Perrin, Jonathan"]
[Result "0-1"]
[WhiteElo "1666"]
[BlackElo "1736"]
[PlyCount "92"]
[EventDate "2012.10.21"]

1. e4 d6 2. d4 Nf6 3. Nc3 e5 4. dxe5 dxe5 5. Qxd8+ Kxd8 6. Nf3 Bd6 7. Bg5 Nbd7
8. O-O-O h6 9. Bxf6+ gxf6 10. Bc4 Ke8 11. Nb5 Ke7 12. Nxd6 cxd6 13. Nd2 Nb6 14.
Rhf1 Be6 15. Bxe6 fxe6 16. f4 exf4 17. Rxf4 Rac8 18. Rdf1 Nd7 19. Kb1 h5 20.
Nf3 Rh6 21. Rh4 Rg8 22. Rf2 Nc5 23. Nd2 Rg4 24. Rxg4 hxg4 25. g3 Rh8 26. Re2 b5
27. Nb3 Nxb3 28. axb3 Rh5 29. Kc1 Re5 30. Kd2 Kf7 31. b4 Kg6 32. b3 Kg5 33. Kd3
d5 34. exd5 Rxd5+ 35. Ke3 Kf5 36. Rf2+ Ke5 37. Rd2 Rxd2 38. Kxd2 Kd4 39. c3+
Ke4 40. c4 bxc4 41. bxc4 Kd4 42. c5 Kd5 43. Kd3 f5 44. Ke2 a5 45. bxa5 Kxc5 46.
Kd3 e5 0-1

[Event "Guernsey Holiday 2012"]
[Site "?"]
[Date "2012.10.22"]
[Round "2"]
[White "Haisma, Henk"]
[Black "Van Hoek, Wim"]
[Result "1/2-1/2"]
[WhiteElo "1632"]
[BlackElo "1721"]
[PlyCount "28"]
[EventDate "2012.10.21"]

1. b4 f5 2. Bb2 Nf6 3. Nf3 e6 4. a3 d5 5. e3 a5 6. b5 Nbd7 7. c4 Nb6 8. cxd5
exd5 9. Qc2 Bd6 10. d3 O-O 11. Nbd2 Qe7 12. Be2 Bd7 13. a4 c5 14. O-O Kh8
1/2-1/2

[Event "Guernsey Holiday 2012"]
[Site "?"]
[Date "2012.10.22"]
[Round "2"]
[White "Pemberton, Clive"]
[Black "Leung, Simon"]
[Result "0-1"]
[WhiteElo "1704"]
[BlackElo "1640"]
[PlyCount "84"]
[EventDate "2012.10.21"]

1. e4 e6 2. d4 d5 3. exd5 exd5 4. c4 Nf6 5. Nf3 Bb4+ 6. Nc3 O-O 7. Qb3 Nc6 8.
Bg5 Qe7+ 9. Be2 Re8 10. Qc2 dxc4 11. a3 Bf5 12. Qd2 Bxc3 13. bxc3 Bd3 14. Be3
Bxe2 15. Kxe2 Na5 16. Qb2 Ng4 17. Qb4 Nxe3 18. Qxe7 Rxe7 19. fxe3 Rae8 20. Kf2
Rxe3 21. Rhe1 Rxe1 22. Rxe1 Kf8 23. Ne5 f6 24. Nd7+ Kf7 25. Rxe8 Kxe8 26. Nc5
Ke7 27. Ke3 b6 28. Na6 Kd6 29. Ke4 Nc6 30. g4 g6 31. h4 Ne7 32. Nb4 a5 33. Nc2
Nd5 34. Ne3 Nxe3 35. Kxe3 Kd5 36. Kf4 c5 37. dxc5 Kxc5 38. h5 b5 39. hxg6 hxg6
40. Ke4 b4 41. cxb4+ axb4 42. axb4+ Kxb4 0-1

[Event "Guernsey Holiday 2012"]
[Site "?"]
[Date "2012.10.22"]
[Round "2"]
[White "Naldrett, Geoff W"]
[Black "Borland, Tom"]
[Result "1/2-1/2"]
[WhiteElo "1616"]
[BlackElo "1695"]
[PlyCount "61"]
[EventDate "2012.10.21"]

1. d4 d5 2. Nf3 e6 3. Bf4 Bd6 4. Bg3 Nf6 5. Nbd2 O-O 6. e3 c5 7. c3 Nc6 8. Bd3
Qc7 9. Rc1 Bxg3 10. hxg3 e5 11. dxe5 Nxe5 12. Nxe5 Qxe5 13. Nf3 Qe7 14. Bb1 g6
15. O-O b6 16. Qa4 Bb7 17. Qh4 Rfe8 18. Rfe1 Ne4 19. Red1 Qxh4 20. Nxh4 Rad8
21. Nf3 f5 22. a3 Kg7 23. Bd3 Kf6 24. c4 Ng5 25. Nxg5 Kxg5 26. cxd5 Bxd5 27.
Bb5 Re6 28. Kf1 Red6 29. Ba4 Be4 30. Rxd6 Rxd6 31. Rd1 1/2-1/2

[Event "Guernsey Holiday 2012"]
[Site "?"]
[Date "2012.10.22"]
[Round "2"]
[White "Kok, Franciscus"]
[Black "Foster, Paul"]
[Result "0-1"]
[WhiteElo "1565"]
[BlackElo "1688"]
[PlyCount "62"]
[EventDate "2012.10.21"]

1. e4 d5 2. exd5 Qxd5 3. Nc3 Qd6 4. Nf3 Nf6 5. Bc4 a6 6. a4 Bg4 7. O-O Nc6 8.
Be2 e6 9. Nh4 Bxe2 10. Nxe2 Be7 11. Nf3 e5 12. d3 h6 13. b3 Qe6 14. Re1 Qd7 15.
Bb2 e4 16. dxe4 O-O-O 17. Qxd7+ Rxd7 18. Ng3 Bc5 19. Bxf6 gxf6 20. e5 Rhd8 21.
exf6 Bb4 22. Rf1 Bc3 23. Rac1 Bxf6 24. Nf5 h5 25. Ne3 Nb4 26. c4 Rd3 27. Rb1 a5
28. h4 Na2 29. Rfd1 Nc3 30. Rxd3 Rxd3 31. Kf1 Nxb1 0-1

[Event "Guernsey Holiday 2012"]
[Site "?"]
[Date "2012.10.22"]
[Round "2"]
[White "Baart, Edwin"]
[Black "Harnden, Terry"]
[Result "1-0"]
[WhiteElo "1684"]
[BlackElo "1535"]
[PlyCount "63"]
[EventDate "2012.10.21"]

1. d4 Nf6 2. Nf3 e6 3. Bg5 d5 4. e3 b6 5. Be2 Ba6 6. O-O Bxe2 7. Qxe2 Be7 8. c4
O-O 9. Nc3 c6 10. Rac1 Nbd7 11. cxd5 cxd5 12. a3 a6 13. Rc2 b5 14. Rfc1 Rc8 15.
Nxd5 Rxc2 16. Nxe7+ Qxe7 17. Qxc2 h6 18. Bh4 Nb6 19. Bxf6 Qxf6 20. Qe4 g6 21.
Qb7 Nc4 22. Qxa6 Rb8 23. b3 Nb2 24. Rc8+ Rxc8 25. Qxc8+ Kg7 26. Qc2 Nc4 27.
bxc4 bxc4 28. Qxc4 Qe7 29. Qc5 Qb7 30. h3 Qb1+ 31. Kh2 Qb8+ 32. Qe5+ 1-0

[Event "Guernsey Holiday 2012"]
[Site "?"]
[Date "2012.10.22"]
[Round "2"]
[White "Rowe, Oliver"]
[Black "Van Nijen, Peter"]
[Result "1-0"]
[WhiteElo "1394"]
[BlackElo "1678"]
[PlyCount "45"]
[EventDate "2012.10.21"]

1. d4 d5 2. Nf3 Nf6 3. Bf4 e6 4. e3 Be7 5. Bd3 c5 6. c3 Nc6 7. h3 c4 8. Bc2 h6
9. Nbd2 Bd6 10. Ne5 Bxe5 11. Bxe5 Nxe5 12. dxe5 Nd7 13. Qg4 O-O 14. f4 Qb6 15.
Qe2 Qxb2 16. Nb1 Qxa1 17. O-O Kh8 18. f5 Nxe5 19. f6 Nd3 20. fxg7+ Kxg7 21.
Qg4+ Kh7 22. Rf6 e5 23. Qh5 1-0

[Event "Guernsey Holiday 2012"]
[Site "?"]
[Date "2012.10.22"]
[Round "2"]
[White "Gibson, John"]
[Black "Gallagher, Daniel"]
[Result "1-0"]
[WhiteElo "1780"]
[BlackElo "1144"]
[PlyCount "100"]
[EventDate "2012.10.21"]

1. d4 Nf6 2. e3 g6 3. Bd3 Bg7 4. f4 d6 5. Nf3 Nc6 6. c3 O-O 7. O-O Re8 8. e4 e5
9. fxe5 dxe5 10. d5 Nb8 11. Bg5 Qd6 12. Qd2 Bd7 13. Na3 Nxd5 14. exd5 e4 15.
Bxe4 Rxe4 16. Rae1 Rxe1 17. Rxe1 Qb6+ 18. Be3 Bh6 19. Nc4 Bxe3+ 20. Qxe3 Qxe3+
21. Rxe3 Na6 22. Re7 Bb5 23. Nce5 f5 24. c4 Re8 25. Rxe8+ Bxe8 26. Nd3 Kg7 27.
Kf2 b6 28. b4 Nb8 29. Nde5 Kf6 30. Ke3 g5 31. Kd4 g4 32. Nd2 Na6 33. a3 h5 34.
g3 Ba4 35. Nb1 Nc5 36. Nxg4+ hxg4 37. bxc5 bxc5+ 38. Kxc5 Ke5 39. Nc3 Be8 40.
Nb5 Bxb5 41. Kxb5 Kd6 42. a4 a5 43. Kxa5 c6 44. Kb6 Kd7 45. dxc6+ Kc8 46. a5
Kb8 47. c7+ Kc8 48. a6 f4 49. gxf4 g3 50. hxg3 Kd7 1-0

[Event "Guernsey Holiday 2012"]
[Site "?"]
[Date "2012.10.22"]
[Round "2"]
[White "Collins, Alan"]
[Black "Joyeux, Gerard"]
[Result "1/2-1/2"]
[WhiteElo "1744"]
[BlackElo "1601"]
[PlyCount "56"]
[EventDate "2012.10.21"]

1. d4 d5 2. Nf3 e6 3. Bf4 c5 4. e3 Nc6 5. c3 a6 6. Bd3 cxd4 7. exd4 Be7 8. Nbd2
Bd7 9. O-O Nf6 10. h3 Na5 11. Ne5 Bb5 12. Bxb5+ axb5 13. Qe2 Qb6 14. b4 Nc4 15.
Nexc4 bxc4 16. a4 O-O 17. Ra2 Qc6 18. Rfa1 b6 19. Bg5 Rfe8 20. Bxf6 Bxf6 21. f4
Qb7 22. Nf3 Bd8 23. Qc2 h6 24. Rf1 Bc7 25. g3 Qc8 26. Kg2 Qb8 27. Ne5 Qc8 28.
b5 Bxe5 1/2-1/2

[Event "Guernsey Holiday 2012"]
[Site "?"]
[Date "2012.10.22"]
[Round "2"]
[White "Hoogakker, Peter"]
[Black "Finch, Russell"]
[Result "1-0"]
[WhiteElo "1730"]
[BlackElo "1600"]
[PlyCount "49"]
[EventDate "2012.10.21"]

1. e4 e6 2. d4 d5 3. Nd2 Nf6 4. e5 Nfd7 5. Bd3 c5 6. c3 Nc6 7. Ne2 Be7 8. O-O
Qb6 9. Nf3 f6 10. exf6 Nxf6 11. Re1 Bd7 12. Nf4 cxd4 13. cxd4 Nd8 14. Ne5 O-O
15. Nxd7 Nxd7 16. Nxd5 exd5 17. Rxe7 Qd6 18. Qe2 Nf6 19. Bg5 Qb6 20. Rc1 Nc6
21. Qe6+ Kh8 22. Bxf6 Nxe7 23. Qh3 Kg8 24. Qxh7+ Kf7 25. Qxg7+ 1-0

[Event "Guernsey Holiday 2012"]
[Site "?"]
[Date "2012.10.22"]
[Round "2"]
[White "Bateman, Kerry"]
[Black "Jones, Sid A"]
[Result "0-1"]
[WhiteElo "1676"]
[BlackElo "1448"]
[PlyCount "62"]
[EventDate "2012.10.21"]

1. e4 c5 2. d4 cxd4 3. c3 e6 4. cxd4 Nf6 5. Bd3 Bb4+ 6. Nc3 O-O 7. Nge2 a6 8.
O-O Re8 9. e5 Nd5 10. Ne4 Nc6 11. Bg5 Be7 12. Bxe7 Qxe7 13. Qd2 h6 14. f4 f5
15. Nd6 Rf8 16. Bc4 Nd8 17. Ng3 g6 18. Qd3 Nf7 19. Ngxf5 gxf5 20. Nxf5 exf5 21.
Bxd5 d6 22. g4 Kh8 23. gxf5 dxe5 24. dxe5 Rg8+ 25. Kh1 Rg4 26. f6 Qe8 27. Bxf7
Qxf7 28. Qd8+ Kh7 29. Rac1 Bf5 30. Qd4 b5 31. Rg1 Qb7+ 0-1

[Event "Guernsey Holiday 2012"]
[Site "?"]
[Date "2012.10.22"]
[Round "2"]
[White "Goman, Colin"]
[Black "Jongerius, Marc"]
[Result "1/2-1/2"]
[WhiteElo "1584"]
[BlackElo "1674"]
[PlyCount "81"]
[EventDate "2012.10.21"]

1. d4 Nf6 2. Nf3 d5 3. e3 g6 4. Bd3 Bg7 5. O-O O-O 6. c3 b6 7. Nbd2 c5 8. Re1
Bb7 9. dxc5 bxc5 10. Qb3 Qc7 11. c4 e6 12. e4 d4 13. e5 Nfd7 14. Ne4 Nxe5 15.
Nxe5 Bxe5 16. f4 Bd6 17. Nxd6 Bxg2 18. Kxg2 Qxd6 19. Be4 Nc6 20. Qf3 Rac8 21.
b3 Nb4 22. a3 Nc6 23. Bd2 Rfd8 24. Rad1 Ne7 25. Bc1 Qb6 26. Bc2 Qd6 27. h4 Qc7
28. Bb1 Qd6 {(=)} 29. Bc2 Qc7 30. Bd2 Qd6 31. Bc1 Qc7 32. Re5 Qd6 33. Bb1 Nc6
34. Ree1 Ne7 35. h5 Nf5 36. Bxf5 exf5 37. hxg6 fxg6 38. Re5 Re8 39. Rd5 Qe6 40.
Re5 Qd6 41. Rd5 1/2-1/2